000 00340nam a22001217a 4500
082 _a220 PRO
100 _aIRTAZA,BEHZAD
_972168
245 _aPR-SOF-1128-DESIGNING OF A BIOGAS PLANT DIGESTOR FOR SMALL SCALE USAGE
260 _aISLAMABAD
_bNUST COLLEGE OF EME
_c2011
650 _aDE-MECH-29
700 _aAHMAD SOHAIL
_972169
942 _cCR
999 _c578326
_d578326